| 000 | 00000nam##2200000za#4500 |
| 001 | 9.572322 |
| 003 | CaOODSP |
| 005 | 20210624183149 |
| 007 | cr ||||||||||| |
| 008 | 150406|1998||||xxc|||||o f|0| 0 eng|d |
| 040 | |aCaOODSP|beng |
| 043 | |an-cn--- |
| 086 | 1 |aF21-6/1998-4E-PDF |
| 110 | 1 |aCanada.|bDepartment of Finance.|bTask Force on the Future of the Canadian Financial Services Sector. |
| 245 | 10|aImpact of taxation on the financial services sector / |h[electronic resource]|cby Kevin J. Dancey. |
| 260 | |aOttawa - Ontario : |bFinance Canada. |cSeptember 1998. |
| 300 | |a80p.|breferences, tables |
| 490 | 1 |aResearch paper prepared for the Task Force on the Future of the Canadian Financial Services Sector |
| 500 | |aIncorrect catalogue number (BT22-61/3-1998E-4) copied in this PDF edition. The ISBN (0-662-27142-4) for the print edition has been incorrectly copied in this electronic publication. |
| 590 | |a11-29-Supp|b2011-11-25 |
| 690 | 07|aTaxes|2gcpds |
| 720 | 1 |aDancey, Kevin J. |
| 775 | 08|tLa fiscalité et le secteur des services financiers / |w(CaOODSP)9.602699 |
| 776 | 0#|tImpact of taxation on the financial services sector / |w(CaOODSP)9.614531 |
| 830 | #0|aResearch paper prepared for the Task Force on the Future of the Canadian Financial Services Sector.|w(CaOODSP)9.506754 |
| 856 | 40|ahttp://publications.gc.ca|qPDF|s319 KB|uhttps://publications.gc.ca/collections/Collection/F21-6-1998-4E.pdf |